000 02327nam0a2200397 4500
001 RU\NLR\BIBL_A\012484738
005 20260407185538.0
010 _a978-5-88999-667-5
_950
021 _aRU
_b2020-61815
_9КН-П-4639
035 _a(RuMoRGB)010444123
035 _a(NLR Aleph) 012484738
090 _a12149518
_c12149518
100 _a20210325d2020 |||y0rusy50 ca
101 0 _aeng
102 _aRU
105 _aa j 000zy
200 1 _aBiologically active compounds
_etutorial
_fO. Yu. Nikolaeva, L. A. Merkusheva, S. V. Ageev, K. N. Semenov
_gState educational institution of higher professional education "Pavlov First Saint Petersburg state medical university of Federal agency of health care and social development", Department of general and bioorganic chemistry
210 _aSaint Petersburg
_cРИЦ ПСПбГМУ
_d2020
215 _a54 с.
_cил.
_d21
320 _aБиблиогр.: с. 36 (6 назв.)
541 1 _aБиологически активные соединения.
606 1 _aБиологически активные вещества
_jУчебные издания для высших учебных заведений
_xБиохимия
_92592580
_3RU\NLR\AUTH\661532028
606 1 _aБиологически активные вещества
_jУчебные издания для высших учебных заведений
_xХимия
_92609167
_3RU\NLR\AUTH\661545725
686 1 _aЕ072.53я731
686 1 _aЛ66-1я73-1
701 1 _7ba
_8rus
_aNikolaeva
_bO. J.
_cканд. хим. наук, биоорганика
_gOl'ga Jur'evna
_9229040
_3RU\NLR\AUTH\770229096
701 1 _7ba
_8rus
_aMerkuševa
_bL. A.
_gL'judmila Afanas'evna
_9229049
_3RU\NLR\AUTH\770229105
701 1 _aAgeev
_bS. V.
_gSergej Vadimovič
701 1 _7ba
_8rus
_aSemenov
_bK. N.
_cд-р хим. наук
_gKonstantin Nikolaevič
_9229042
_3RU\NLR\AUTH\770229098
711 0 2 _aСанкт-Петербургский государственный медицинский университет им. И. П. Павлова
_c1
712 0 2 _4570
_8eng
_aSaint Petersburg I.P. Pavlov state medical university
_bDepartment of general and bioorganic chemistry
_7ba
_3RU\NLR\AUTH\8810121953
_9741979
942 _cBOOK
980 _aNB